00988nam a2200205 i 4500003000900000005001700009007000300026008004100029040003000070082001400100245013200114264004300246300004300289336002600332337003200358338002800390500009100418505016900509533010400678DO-SdBNP20230418155304.0ta230418e1986 dr a|||gr|||| 001 u spa d aDO-SdBNPbspacBNPHUerda 4222bM219d00aDinámicas de grupos :bhaciendo el trabajo comunitario más divertido y profundo, con la participación de todos y todas. /00aSanto Domingo : bCentro Poveda,c1986 a35 páginas :bIlustraciones,c28 cm. 2rdacontenatextobtxt 2rdamediaasin mediciónbn 2rdacarrieravolumenbsn aEsta publicación forma parte del Proyecto Sociedad Civil, Educación y Democracia.  aPresentacióntLas dinámicas.--tDinámicas de integración.--tDinámicas de trabajo en grupo.--tDinámicas de animación.--tDinámicas de recreación. aReimpresión con adecuaciones de la Serie "Dinámicas de Grupos".cEdiciones Populares.--d1986.-